[Event "RUS-ch Higher League (Women) 68th"]
[Site "Yaroslavl"]
[Date "2018.07.04"]
[Round "8"]
[White "Garifullina, Leya"]
[Black "Bocharova, Ulyana"]
[Result "1/2-1/2"]
[WhiteElo "2131"]
[BlackElo "1874"]
[PlyCount "116"]
[EventDate "2018.06.26"]
[EventType "swiss"]
[EventRounds "9"]
[EventCountry "RUS"]
[SourceTitle "CBM 185 Extra"]
[Source "ChessBase"]
[SourceDate "2018.07.29"]
[SourceVersion "1"]
[SourceVersionDate "2018.07.29"]
[SourceQuality "1"]

1. e4 d5 2. exd5 Qxd5 3. Nc3 Qa5 4. d4 Nf6 5. Nf3 Bf5 6. Bc4 c6 7. Bd2 Qc7 8. Qe2 e6 9. Bb3 Bd6 10. 0-0-0 Nbd7 11. Nh4 Bg6 12. Nxg6 hxg6 13. g3 0-0-0 14. Bg5 Rde8 15. Qf3 Be7 16. h4 Nb6 17. Kb1 Rhf8 18. Rhe1 Nfd5 19. Ne4 Bxg5 20. hxg5 Ne7 21. c4 Kb8 22. Rh1 Rd8 23. Nc3 Nf5 24. Qe4 Rh8 25. Rxh8 Rxh8 26. g4 Ne7 27. f4 a6 28. Qe3 Ka8 29. Ne4 Kb8 30. Nc5 Rh4 31. Qg3 Rh8 32. Nd3 Ka8 33. Qf2 Kb8 34. Qe3 Ka8 35. Re1 Kb8 36. Ne5 Nec8 37. Bc2 Ka8 38. b3 Qe7 39. Kb2 Rh2 40. Qg3 Rh8 41. f5 gxf5 42. gxf5 Qb4 43. Kc1 Qa3+ 44. Kd2 Qd6 45. Qf2 f6 46. c5 Qb8 47. cxb6 fxe5 48. dxe5 exf5 49. Kc1 Ne7 50. Qc5 Re8 51. Qd6 Nd5 52. Qxb8+ Kxb8 53. Bxf5 Nxb6 54. Bg6 Re7 55. Kd2 Nd7 56. e6 Nf8 57. Bf7 Kc7 58. Kc3 Nxe6 1/2-1/2

[Event "RUS-ch Higher League (Women) 68th"]
[Site "Yaroslavl"]
[Date "2018.07.02"]
[Round "6"]
[White "Yakushina, Ekaterina"]
[Black "Bocharova, Ulyana"]
[Result "1/2-1/2"]
[WhiteElo "1886"]
[BlackElo "1874"]
[PlyCount "81"]
[EventDate "2018.06.26"]
[EventType "swiss"]
[EventRounds "9"]
[EventCountry "RUS"]
[SourceTitle "CBM 185 Extra"]
[Source "ChessBase"]
[SourceDate "2018.07.29"]
[SourceVersion "1"]
[SourceVersionDate "2018.07.29"]
[SourceQuality "1"]

1. d4 d5 2. Nf3 Nf6 3. c4 c6 4. g3 g6 5. Bg2 Bg7 6. 0-0 0-0 7. Nc3 dxc4 8. a4 Nbd7 9. Qc2 Nd5 10. Ne4 e5 11. dxe5 Nxe5 12. Nxe5 Bxe5 13. Qxc4 Be6 14. Ng5 Qf6 15. Nxe6 Qxe6 16. e4 Nf4 17. Qxe6 Nxe6 18. Be3 b6 19. Rab1 Rad8 20. Rfc1 c5 21. b4 Bd4 22. Bxd4 Rxd4 23. bxc5 Nxc5 24. a5 Nxe4 25. axb6 axb6 26. Rxb6 Rfd8 27. Bxe4 Rxe4 28. Rbc6 Rd2 29. R6c2 Ree2 30. Rxd2 Rxd2 31. Kf1 Kg7 32. Re1 Kf6 33. Re2 Rd1+ 34. Kg2 Rd3 35. Ra2 Rb3 36. Ra6+ Kg7 37. Ra7 Kf6 38. Ra6+ Ke7 39. Ra7+ Ke6 40. Ra6+ Ke7 41. Ra8 1/2-1/2

[Event "RUS-ch Higher League (Women) 68th"]
[Site "Yaroslavl"]
[Date "2018.06.30"]
[Round "5"]
[White "Bocharova, Ulyana"]
[Black "Goltseva, Ekaterina"]
[Result "0-1"]
[WhiteElo "1874"]
[BlackElo "2260"]
[PlyCount "62"]
[EventDate "2018.06.26"]
[EventType "swiss"]
[EventRounds "9"]
[EventCountry "RUS"]
[SourceTitle "CBM 185 Extra"]
[Source "ChessBase"]
[SourceDate "2018.07.29"]
[SourceVersion "1"]
[SourceVersionDate "2018.07.29"]
[SourceQuality "1"]

1. c4 c5 2. Nc3 Nf6 3. g3 d5 4. cxd5 Nxd5 5. Bg2 Nc7 6. Nf3 Nc6 7. d3 e5 8. 0-0 Be7 9. b3 0-0 10. Bb2 Be6 11. Rc1 f6 12. Qd2 Qd7 13. Rfd1 Rad8 14. Ne4 b6 15. Nc3 Nd4 16. Ne1 Bh3 17. e3 Bxg2 18. Kxg2 Nc6 19. Nf3 f5 20. Ne2 Bf6 21. d4 e4 22. Ne1 cxd4 23. Nxd4 Nxd4 24. Bxd4 Bxd4 25. exd4 Nd5 26. f3 f4 27. gxf4 exf3+ 28. Kh1 Rxf4 29. Qf2 Re8 30. Rd2 Nf6 31. Qg3 Qf5 0-1

[Event "RUS-ch Higher League (Women) 68th"]
[Site "Yaroslavl"]
[Date "2018.06.28"]
[Round "3"]
[White "Bocharova, Ulyana"]
[Black "Afonasieva, Anna"]
[Result "1/2-1/2"]
[WhiteElo "1874"]
[BlackElo "2217"]
[PlyCount "106"]
[EventDate "2018.06.26"]
[EventType "swiss"]
[EventRounds "9"]
[EventCountry "RUS"]
[SourceTitle "CBM 185 Extra"]
[Source "ChessBase"]
[SourceDate "2018.07.29"]
[SourceVersion "1"]
[SourceVersionDate "2018.07.29"]
[SourceQuality "1"]

1. d4 Nf6 2. c4 g6 3. Nc3 d5 4. cxd5 Nxd5 5. Nf3 Bg7 6. g3 0-0 7. Bg2 c5 8. e3 cxd4 9. Nxd4 Nxc3 10. bxc3 Nd7 11. 0-0 a6 12. Ba3 Re8 13. Rb1 Qc7 14. Qa4 Rb8 15. c4 Nf6 16. c5 e5 17. Ne2 Bd7 18. Qb4 Bb5 19. Rfe1 Bd3 20. Rb3 e4 21. Nf4 Bb5 22. Bb2 Qc6 23. Bd4 Nd5 24. Nxd5 Qxd5 25. Bxg7 Kxg7 26. Qd4+ Qe5 27. Bf1 Bc6 28. Qxe5+ Rxe5 29. Bxa6 Rxc5 30. Reb1 Bd5 31. R3b2 Rc7 32. a4 Kf8 33. Rb5 Bc6 34. R5b4 Ra8 35. Bxb7 Bxb7 36. Rxb7 Rxb7 37. Rxb7 Rxa4 38. Kg2 h5 39. h4 Ra6 40. Rb4 Re6 41. Rb7 Kg7 42. Ra7 Kf6 43. Ra5 Re5 44. Ra7 Ke6 45. Ra6+ Kf5 46. Ra7 f6 47. Ra6 Rb5 48. Rc6 g5 49. hxg5 fxg5 50. Rh6 Kg4 51. Re6 Rb4 52. Rh6 Ra4 53. Rh8 Rb4 1/2-1/2

[Event "Dvorkovich Memorial op"]
[Site "Taganrog"]
[Date "2018.01.23"]
[Round "9"]
[White "Tyurin, Artem"]
[Black "Bocharova, Ulyana"]
[Result "0-1"]
[WhiteElo "1820"]
[BlackElo "1874"]
[PlyCount "48"]
[EventDate "2018.01.15"]
[EventType "swiss"]
[EventRounds "9"]
[EventCountry "RUS"]
[SourceTitle "CBM 182 Extra"]
[Source "ChessBase"]
[SourceDate "2018.02.23"]
[SourceVersion "1"]
[SourceVersionDate "2018.02.23"]
[SourceQuality "1"]

1. e4 d5 2. exd5 Qxd5 3. Nc3 Qa5 4. d4 c6 5. Nf3 Nf6 6. Bc4 Bf5 7. Bd2 Qc7 8. Ne5 e6 9. g4 Be4 10. Nxe4 Nxe4 11. Bf4 f6 12. Nd3 Bd6 13. Qe2 Bxf4 14. Qxe4 Bd6 15. Bxe6 Qe7 16. 0-0-0 Nd7 17. c4 0-0-0 18. f4 Kb8 19. d5 Rc8 20. Kb1 cxd5 21. cxd5 h6 22. Rhe1 Nc5 23. Nxc5 Rxc5 24. Rc1 Rd8 0-1

[Event "Dvorkovich Memorial op"]
[Site "Taganrog"]
[Date "2018.01.18"]
[Round "4"]
[White "Bocharova, Ulyana"]
[Black "Murzin, Volodar"]
[Result "0-1"]
[WhiteElo "1874"]
[BlackElo "2268"]
[PlyCount "68"]
[EventDate "2018.01.15"]
[EventType "swiss"]
[EventRounds "9"]
[EventCountry "RUS"]
[SourceTitle "CBM 182 Extra"]
[Source "ChessBase"]
[SourceDate "2018.02.23"]
[SourceVersion "1"]
[SourceVersionDate "2018.02.23"]
[SourceQuality "1"]

1. Nf3 Nf6 2. g3 g6 3. Bg2 Bg7 4. 0-0 0-0 5. d3 c5 6. c4 Nc6 7. Nc3 d6 8. d4 cxd4 9. Nxd4 Nxd4 10. Qxd4 Be6 11. Qd3 Rc8 12. Nd5 Nd7 13. Bf4 Bxb2 14. Rab1 Nc5 15. Nxe7+ Qxe7 16. Bxd6 Qf6 17. Qc2 Bf5 18. e4 Qxd6 19. Rfd1 Qe7 20. exf5 Bg7 21. fxg6 fxg6 22. Re1 Qc7 23. Bd5+ Kh8 24. Qe2 Bd4 25. Rf1 b6 26. Rbe1 Bc3 27. Rc1 Rce8 28. Qg4 Qg7 29. h4 Qd4 30. Qh3 Re2 31. Qg2 Nd3 32. Rcd1 Rexf2 33. Rxf2 Rxf2 34. Qe4 Rd2+ 0-1

[Event "Dvorkovich Memorial op"]
[Site "Taganrog"]
[Date "2018.01.17"]
[Round "3"]
[White "Savchenko, Boris"]
[Black "Bocharova, Ulyana"]
[Result "1-0"]
[WhiteElo "2566"]
[BlackElo "1874"]
[PlyCount "51"]
[EventDate "2018.01.15"]
[EventType "swiss"]
[EventRounds "9"]
[EventCountry "RUS"]
[SourceTitle "CBM 182 Extra"]
[Source "ChessBase"]
[SourceDate "2018.02.23"]
[SourceVersion "1"]
[SourceVersionDate "2018.02.23"]
[SourceQuality "1"]

1. e4 e5 2. Nf3 Nf6 3. Nxe5 d6 4. Nf3 Nxe4 5. d4 d5 6. Bd3 Bd6 7. 0-0 0-0 8. c4 c6 9. Qc2 Nf6 10. h3 h6 11. Nc3 b6 12. Bd2 Be6 13. cxd5 Nxd5 14. Ne4 Nb4 15. Bxb4 Bxb4 16. Rad1 Bd5 17. Ne5 Bd6 18. f4 f6 19. Nxd6 fxe5 20. dxe5 Qe7 21. Be4 Na6 22. Rxd5 Nb4 23. Qc3 cxd5 24. Bb1 a5 25. a3 Rac8 26. Nxc8 1-0

[Event "Dvorkovich Memorial op"]
[Site "Taganrog"]
[Date "2018.01.15"]
[Round "1"]
[White "Bocharova, Ulyana"]
[Black "Pridorozhni, Aleksei"]
[Result "0-1"]
[WhiteElo "1874"]
[BlackElo "2571"]
[PlyCount "86"]
[EventDate "2018.01.15"]
[EventType "swiss"]
[EventRounds "9"]
[EventCountry "RUS"]
[SourceTitle "CBM 182 Extra"]
[Source "ChessBase"]
[SourceDate "2018.02.23"]
[SourceVersion "1"]
[SourceVersionDate "2018.02.23"]
[SourceQuality "1"]

1. d4 g6 2. c4 Bg7 3. Nc3 c5 4. Nf3 cxd4 5. Nxd4 Nc6 6. Nxc6 bxc6 7. e3 Nf6 8. Bd3 0-0 9. 0-0 d5 10. Qc2 e5 11. Rd1 Be6 12. b3 Qc7 13. Bb2 Rfd8 14. cxd5 cxd5 15. Nb5 Qxc2 16. Bxc2 Rac8 17. Rac1 a6 18. Nc3 e4 19. Ne2 Bg4 20. Rd2 Bxe2 21. Rxe2 Ng4 22. Bxg7 Kxg7 23. Ree1 f5 24. Red1 Rc3 25. Bb1 Rxc1 26. Rxc1 d4 27. exd4 Rxd4 28. h3 Ne5 29. Kf1 Rd2 30. Bc2 Kf6 31. Ke1 e3 32. f4 Nf7 33. g4 g5 34. Bxf5 gxf4 35. Rc2 Rd4 36. Ke2 h5 37. Bc8 h4 38. Bxa6 Ng5 39. Bb7 Nxh3 40. Kf1 Rd1+ 41. Kg2 Ng5 42. Rc6+ Ke7 43. Rc7+ Kd6 0-1

[Event "RUS-ch blitz (Women)"]
[Site "Sochi"]
[Date "2016.10.04"]
[Round "2.13"]
[White "Bocharova, Ulyana"]
[Black "Severina, Maria"]
[Result "0-1"]
[WhiteElo "1852"]
[BlackElo "2232"]
[PlyCount "130"]
[EventDate "2016.10.04"]
[EventType "swiss (blitz)"]
[EventRounds "22"]
[EventCountry "RUS"]
[SourceTitle "EXT 2017"]
[Source "ChessBase"]
[SourceDate "2016.10.25"]
[SourceVersion "1"]
[SourceVersionDate "2016.10.25"]
[SourceQuality "1"]

1. d4 Nf6 2. c4 e6 3. Nc3 Bb4 4. Qb3 c5 5. dxc5 Nc6 6. Nf3 Ne4 7. Bd2 Nxd2 8. Nxd2 Bxc5 9. e3 0-0 10. Bd3 Ne5 11. Be2 b6 12. Nde4 Be7 13. Rd1 Bb7 14. 0-0 Qc7 15. h3 Rac8 16. Nb5 Qc6 17. f3 Ra8 18. Ned6 a6 19. Nxb7 axb5 20. cxb5 Qxb7 21. Rd4 Bc5 22. Re4 Ng6 23. Rd1 d5 24. Rg4 Qe7 25. Kh1 Qf6 26. a3 Qe5 27. Rd3 h5 28. f4 Qe4 29. Rg5 Be7 30. Bf3 Qc4 31. Rxh5 Qxb3 32. Rxb3 Rac8 33. g4 Rc1+ 34. Kg2 Rfc8 35. f5 Nh4+ 36. Kg3 Nxf3 37. Kxf3 Rf1+ 38. Ke2 Rcc1 39. Rc3 Rxc3 40. bxc3 Rc1 41. fxe6 fxe6 42. Re5 Kf7 43. Kd3 Bf6 44. Rh5 Rxc3+ 45. Kd2 Rxa3 46. g5 Be7 47. h4 Rb3 48. Rh8 Rxb5 49. h5 Bxg5 50. Rb8 Rb2+ 51. Kc3 Rb1 52. Rb7+ Kf6 53. Kd4 Rb4+ 54. Kc3 Rc4+ 55. Kb3 Bxe3 56. Rb8 Bc5 57. Rc8 Rb4+ 58. Kc3 Rh4 59. Rc6 Rxh5 60. Rc7 Rh3+ 61. Kc2 g5 62. Ra7 g4 63. Ra1 g3 64. Rf1+ Ke7 65. Re1 g2 0-1

[Event "RUS-ch Higher League (Women) 66th"]
[Site "Kolomna"]
[Date "2016.06.28"]
[Round "6"]
[White "Matiukova, Uliana"]
[Black "Bocharova, Ulyana"]
[Result "1-0"]
[WhiteElo "2179"]
[BlackElo "1894"]
[PlyCount "87"]
[EventDate "2016.06.22"]
[EventType "swiss"]
[EventRounds "9"]
[EventCountry "RUS"]
[SourceTitle "CBM 173 Extra"]
[Source "ChessBase"]
[SourceDate "2016.08.29"]
[SourceVersion "1"]
[SourceVersionDate "2016.08.29"]
[SourceQuality "1"]

1. d4 Nf6 2. c4 e6 3. Nc3 d5 4. cxd5 exd5 5. Bg5 c6 6. e3 h6 7. Bh4 Be7 8. Bd3 Ne4 9. Bxe7 Qxe7 10. Bxe4 dxe4 11. Nge2 0-0 12. Qc2 f5 13. Nf4 Qf7 14. h4 Be6 15. f3 exf3 16. gxf3 Na6 17. Qg2 Nb4 18. Rg1 Rfe8 19. a3 Nd5 20. Ncxd5 Bxd5 21. Kd2 Rad8 22. Rac1 Qe7 23. Rc3 Qf7 24. Kc1 Kh7 25. Ng6 Qf6 26. Qg3 Bf7 27. Ne5 Rg8 28. Qf4 g5 29. hxg5 Rxg5 30. Rxg5 hxg5 31. Qh2+ Kg7 32. Nxf7 Qxf7 33. Qe5+ Kg6 34. Qa5 Rh8 35. Qe5 Re8 36. Qh2 Kg7 37. Kd2 Re6 38. Rc5 Kg6 39. Rc1 Re7 40. Rh1 Qg7 41. Qd6+ Kf7 42. Rh6 a6 43. Qh2 Kg8 44. Qh5 1-0

[Event "Gelendzhik op"]
[Site "Gelendzhik"]
[Date "2015.01.09"]
[Round "6"]
[White "Karabet, Evgeniu"]
[Black "Bocharova, Ulyana"]
[Result "1/2-1/2"]
[WhiteElo "1641"]
[BlackElo "1780"]
[PlyCount "68"]
[EventDate "2015.01.04"]
[EventType "swiss"]
[EventRounds "9"]
[EventCountry "RUS"]
[SourceTitle "CBM 164 Extra"]
[Source "ChessBase"]
[SourceDate "2015.03.02"]
[SourceVersion "1"]
[SourceVersionDate "2015.03.02"]
[SourceQuality "1"]

1. e4 d5 2. exd5 Qxd5 3. Nc3 Qa5 4. d4 Nf6 5. Nf3 c6 6. Bc4 Bg4 7. 0-0 e6 8. h3 Bh5 9. Qd3 Bd6 10. Ne4 Nxe4 11. Qxe4 Bg6 12. Qe2 Nd7 13. Bd3 Qh5 14. Be3 Nf6 15. c4 0-0 16. Bxg6 hxg6 17. Qc2 Nh7 18. Nh2 g5 19. Qd2 f5 20. f4 gxf4 21. Bxf4 Bxf4 22. Rxf4 g5 23. Rf2 Nf6 24. Qe2 Qxe2 25. Rxe2 Ne4 26. Nf3 Rad8 27. Rd1 Rd6 28. Re3 Rfd8 29. Red3 Nc5 30. R3d2 Ne4 31. Rd3 Nc5 32. R3d2 Ne4 33. Rd3 Nc5 34. R3d2 Ne4 1/2-1/2

[Event "Teberda op 07"]
[Site "Teberda"]
[Date "2014.07.26"]
[Round "3"]
[White "Harchenko, Sergey"]
[Black "Bocharova, Ulyana"]
[Result "1-0"]
[WhiteElo "1810"]
[BlackElo "1806"]
[PlyCount "99"]
[EventDate "2014.07.24"]
[EventType "swiss"]
[EventRounds "9"]
[EventCountry "RUS"]
[SourceTitle "EXT 2022"]
[Source "ChessBase"]
[SourceDate "2021.10.06"]
[SourceVersion "1"]
[SourceVersionDate "2021.10.06"]
[SourceQuality "1"]

1. d4 d5 2. Nf3 e6 3. Bf4 f5 4. e3 Nf6 5. Nbd2 Bd6 6. Ne5 0-0 7. Be2 Nbd7 8. c4 Qe7 9. 0-0 c5 10. Ndf3 Nb6 11. b3 Ne4 12. Rc1 g5 13. Bg3 Qf6 14. dxc5 Bxc5 15. Nd3 Nxg3 16. hxg3 Be7 17. Nfe5 dxc4 18. Nxc4 Nxc4 19. Rxc4 Bd7 20. Rd4 Bc6 21. f4 g4 22. Ne5 Rac8 23. Bc4 Bc5 24. Nxc6 Rxc6 25. Rd3 a6 26. a4 Rcc8 27. Qe2 Rfd8 28. Rfd1 Kf7 29. Bxe6+ Kxe6 30. Rxd8 Rxd8 31. Qc4+ Ke7 32. Qxc5+ Ke8 33. Rxd8+ Kxd8 34. Qd4+ Qxd4 35. exd4 Kd7 36. Kf2 Kc6 37. Ke3 b5 38. Kd3 Kd5 39. axb5 axb5 40. Kc3 Ke4 41. Kb4 Kxd4 42. Kxb5 Ke3 43. Kc4 Kf2 44. b4 Kxg3 45. b5 Kxg2 46. b6 g3 47. b7 Kh2 48. b8Q g2 49. Qg8 h5 50. Qg5 1-0

[Event "Teberda op 07"]
[Site "Teberda"]
[Date "2014.07.25"]
[Round "2"]
[White "Bocharova, Ulyana"]
[Black "Bychenkova, Yulia"]
[Result "1-0"]
[WhiteElo "1806"]
[BlackElo "1605"]
[PlyCount "67"]
[EventDate "2014.07.24"]
[EventType "swiss"]
[EventRounds "9"]
[EventCountry "RUS"]
[SourceTitle "EXT 2022"]
[Source "ChessBase"]
[SourceDate "2021.10.06"]
[SourceVersion "1"]
[SourceVersionDate "2021.10.06"]
[SourceQuality "1"]

1. d4 d5 2. c4 c6 3. Nc3 Nf6 4. Nf3 Bf5 5. Bg5 e6 6. e3 Be7 7. cxd5 exd5 8. Bd3 Bg6 9. Ne5 Bxd3 10. Qxd3 Nbd7 11. f4 Qc7 12. Rc1 h6 13. Bh4 g5 14. Bg3 Nh5 15. Nxd5 Qa5+ 16. Nc3 gxf4 17. Bxf4 Nxf4 18. exf4 Nxe5 19. dxe5 Qb6 20. Rd1 Rd8 21. Qe2 Rxd1+ 22. Kxd1 Rg8 23. Kc2 c5 24. g3 Qc6 25. Rd1 a6 26. Ne4 Rg6 27. f5 Qa4+ 28. Kb1 Rc6 29. f6 Bf8 30. Nd6+ Kd7 31. Nxf7+ Kc7 32. Qd3 Kb6 33. Nd8 c4 34. Qd7 1-0

[Event "RUS Cup op"]
[Site "Dombai"]
[Date "2013.10.25"]
[Round "8"]
[White "Bocharova, Ulyana"]
[Black "Laipanov, Magomed"]
[Result "0-1"]
[WhiteElo "1816"]
[BlackElo "2095"]
[PlyCount "56"]
[EventDate "2013.10.18"]
[EventType "swiss"]
[EventRounds "9"]
[EventCountry "RUS"]
[SourceTitle "EXT 2015"]
[Source "ChessBase"]
[SourceDate "2014.11.20"]
[SourceVersion "1"]
[SourceVersionDate "2014.11.20"]
[SourceQuality "1"]

1. c4 e5 2. Nc3 Nf6 3. g3 d5 4. cxd5 Nxd5 5. Bg2 Nb6 6. d3 Bb4 7. Nf3 Nc6 8. 0-0 0-0 9. a3 Bxc3 10. bxc3 h6 11. c4 Be6 12. Rb1 Rb8 13. Nd2 Qc8 14. Ne4 Bh3 15. a4 Bxg2 16. Kxg2 Rd8 17. Bd2 Nd4 18. Nc5 Ne6 19. Ne4 c5 20. a5 Nd7 21. Qa4 Ndf8 22. Nc3 Ng6 23. Nd5 Nd4 24. e3 Nf5 25. Bc3 Nfh4+ 26. gxh4 Qg4+ 27. Kh1 Qf3+ 28. Kg1 Nxh4 0-1

[Event "RUS Cup op"]
[Site "Dombai"]
[Date "2013.10.21"]
[Round "4"]
[White "Rubanov, Sergey"]
[Black "Bocharova, Ulyana"]
[Result "0-1"]
[WhiteElo "1741"]
[BlackElo "1816"]
[PlyCount "74"]
[EventDate "2013.10.18"]
[EventType "swiss"]
[EventRounds "9"]
[EventCountry "RUS"]
[SourceTitle "EXT 2015"]
[Source "ChessBase"]
[SourceDate "2014.11.20"]
[SourceVersion "1"]
[SourceVersionDate "2014.11.20"]
[SourceQuality "1"]

1. e4 e6 2. d4 d5 3. e5 c5 4. c3 Nc6 5. Nf3 Qb6 6. a3 a5 7. Bd3 Bd7 8. Bc2 cxd4 9. cxd4 g6 10. 0-0 Bg7 11. Nc3 Nge7 12. Nh4 Qxd4 13. Nb5 Qxe5 14. g3 0-0 15. Re1 Qb8 16. Rb1 Na7 17. Nc3 Nb5 18. Ne2 Qc7 19. Bg5 f6 20. Be3 Rac8 21. Rc1 Qd8 22. a4 Nd6 23. b3 e5 24. Qd2 Ndf5 25. Nxf5 Bxf5 26. Bxf5 gxf5 27. Bc5 d4 28. Rc4 Re8 29. Rec1 Nc6 30. h4 d3 31. Nc3 e4 32. Nb5 Ne5 33. Qf4 Nxc4 34. Rxc4 d2 35. Nc3 d1Q+ 36. Nxd1 Qxd1+ 37. Kg2 Qf3+ 0-1

[Event "RUS Cup op"]
[Site "Dombai"]
[Date "2013.10.20"]
[Round "3"]
[White "Bocharova, Ulyana"]
[Black "Bykova, Anastasia"]
[Result "0-1"]
[WhiteElo "1816"]
[BlackElo "2079"]
[PlyCount "84"]
[EventDate "2013.10.18"]
[EventType "swiss"]
[EventRounds "9"]
[EventCountry "RUS"]
[SourceTitle "EXT 2015"]
[Source "ChessBase"]
[SourceDate "2014.11.20"]
[SourceVersion "1"]
[SourceVersionDate "2014.11.20"]
[SourceQuality "1"]

1. d4 d5 2. c4 c6 3. cxd5 cxd5 4. Nc3 Nf6 5. Nf3 Nc6 6. Bf4 Bf5 7. e3 e6 8. Bd3 Bxd3 9. Qxd3 Be7 10. 0-0 0-0 11. h3 Qa5 12. Ne5 Rfc8 13. a3 Qd8 14. Rac1 Nxe5 15. Bxe5 Nd7 16. Bg3 Nb6 17. Rc2 Rc4 18. Rfc1 Rac8 19. Nb1 Qd7 20. Nd2 R4c6 21. Nf3 f6 22. Nd2 a6 23. Qb3 Kf7 24. Rc3 g6 25. R3c2 Rxc2 26. Rxc2 Rxc2 27. Qxc2 Qc6 28. Qxc6 bxc6 29. Bc7 Na4 30. b4 Nc3 31. Bb6 e5 32. dxe5 fxe5 33. Bc5 Bf6 34. Nb3 Ke6 35. Ba7 d4 36. Nc5+ Kd5 37. Nd7 Bg7 38. exd4 exd4 39. Kf1 Nb5 40. Bb8 Nxa3 41. Nc5 a5 42. Nd3 Kc4 0-1